000 00254nam a22001217a 4500
008 170301b xxu||||| |||| 00| 0 alb d
041 _aalb
080 _a61
100 _a4
101 _aSHM
245 _aBIOPSIA E MUSHKERISE
_cCERGA. G
942 _2udc
_cBK
999 _c6464
_d6464